| 000 | 01415nam a22003614a 4500 | ||
|---|---|---|---|
| 001 | ebr10271401 | ||
| 003 | CaPaEBR | ||
| 006 | m u | ||
| 007 | cr cn||||||||| | ||
| 008 | 041220s2005 enk sb 001 0 eng | ||
| 010 | _z 2004030366 | ||
| 020 | _z0192804251 (alk. paper) | ||
| 040 |
_aCaPaEBR _cCaPaEBR |
||
| 035 | _a(OCoLC)646790349 | ||
| 041 | 1 |
_aeng _hgrc |
|
| 050 | 1 | 4 |
_aB358 _b.W38 2005eb |
| 082 | 0 | 4 |
_a184 _222 |
| 100 | 0 | _aPlato. | |
| 240 | 1 | 0 |
_aDialogues. _lEnglish. _kSelections |
| 245 | 1 | 0 |
_aMeno and other dialogues _h[electronic resource] / _cPlato ; translated with an introduction and notes by Robin Waterfield. |
| 260 |
_aOxford ; _aNew York : _bOxford University Press, _c2005. |
||
| 300 | _aliv, 190 p. | ||
| 490 | 1 | _aOxford world's classics | |
| 504 | _aIncludes bibliographical references (p. xlviii-liv) and index. | ||
| 505 | 0 | _aCharmides -- Laches -- Lysis -- Meno. | |
| 533 |
_aElectronic reproduction. _bPalo Alto, Calif. : _cebrary, _d2013. _nAvailable via World Wide Web. _nAccess may be limited to ebrary affiliated libraries. |
||
| 650 | 0 | _aPhilosophy. | |
| 655 | 7 |
_aElectronic books. _2local |
|
| 700 | 1 |
_aWaterfield, Robin, _d1952- |
|
| 710 | 2 | _aebrary, Inc. | |
| 830 | 0 | _aOxford world's classics (Oxford University Press) | |
| 856 | 4 | 0 |
_uhttp://site.ebrary.com/lib/rucke/Doc?id=10271401 _zAn electronic book accessible through the World Wide Web; click to view |
| 999 |
_c7282 _d7282 |
||